000 00535nam a2200229Ia 4500
003 OSt
005 20220918202207.0
006 a|||||r|||| 00| 0
007 ta
008 220917b |||||||| |||| 00| 0 eng d
024 _a99,443
037 _cTextual
040 _aARTS
_cARTS
_beng
041 _2eng
_aeng
082 _aV2:19:N5, K3
100 _aLohia R
_9102677
245 0 _aForeign policy
260 _c1963
650 _aHISTORY
942 _hV2:19:N5, K3
_cTEXL
_2CC
999 _c223019
_d223019